000
00297nam a2200097Ia 4500
008
220204s9999 xx 000 0 und d
082
_a
331.2(047)
_b
REP
245
0
_a
Report of the third central pay commission 1973. V II, Pt 1 and 3; V III
260
_a
Delhi
_b
Ministry of Finance
_c
1973
942
_c
BK
999
_c
22502
_d
22502